000 00550nam a2200181 a 4500
001 000019908
005 20200929170203.0
008 100708s1965 sp a r 000 0 spa d
040 _aDO-SdBNP
_bspa
_cBNPHU
082 _axxxx
_bB582e
100 1 _aBiblot, Michel
_942464
245 1 0 _aEsquemas electrónicos utilizados en recepción /
_cMichel Biblot.
260 _aBilbao :
_bEditores Técnicos Asociados,
_c1965.
300 _aT. 2 :
_bil. ;
_c24 cm.
500 _aBibliografía p.[127].
500 _aIncluye índice alfabético.
049 _aBNGR
999 _c19421
_d19421